Famous Lucas' - Statistics

General Stats
  • This quiz has been taken 16 times
  • The average score is 5 of 26
Answer Stats
Hint Answer % Correct
Star Wars creator George Lucas
100%
Princess Leia's brother Luke Skywalker
80%
Paul Newman's character Cool Hand Luke
40%
American Pyscho Josh Lucas
33%
Biblical St. Luke
33%
One of the occupants of the General Lee Luke Duke
27%
French soccer player - Everton F.C. Lucas Digne
20%
First baseman - Kansas City Royal Lucas Duda
20%
Brazilian soccer player - Tottenham Hotspurs F.C. Lucas Moura
20%
Uruguayan soccer player - Arsenal F.C. Lucas Torreira
20%
90210 Luke Perry
20%
Spanish/ French soccer player - Bayern Munich Lucas Hernandez
13%
Knockin' Boots Luke Bryan
13%
Starship Enterprise Jean-Luc Picard
7%
High School Musical Lucas Grabeel
7%
Brazilian soccer player - Lazio Lucas Leiva
7%
Gaston from Beauty and the Beast Luke Evans
7%
Emmett from Legally Blonde Luke Wilson
7%
Retired Austrailan footballer Lucas Neill
0%
French tennis player Lucas Pouille
0%
Brazilian soccer player - Real Madrid #16 Lucas Silva Borges
0%
MacGyver reboot Lucas Till
0%
Spanish soccer player - Real Madrid # 17 Lucas Vasquez
0%
How to Eat Fried Worms Luke Benward
0%
Hockey player - Detroit Red Wings Luke Glendening
0%
"Dual Hand Luke" Luke Jensen
0%
No matching quizzes found
Score Distribution
Percent of People with Each Score
Percentile by Number Answered
Your Score History
You have not taken this quiz